[Event "GER-chT U12"]
[Site "Seifhennersdorf"]
[Date "2001.12.30"]
[Round "7.4"]
[White "Freund, Maximilian"]
[Black "Schuenemann, Joris"]
[Result "0-1"]
[WhiteElo "1000"]
[BlackElo "1154"]
[PlyCount "82"]
[EventDate "2001.12.27"]
[EventType "team"]
[EventRounds "7"]
[EventCountry "GER"]
[SourceTitle "EXT 2003"]
[Source "ChessBase"]
[SourceDate "2002.11.25"]
[SourceVersion "1"]
[SourceVersionDate "2002.11.25"]
[SourceQuality "1"]

1. d4 d5 2. Nc3 Nf6 3. Bf4 Bf5 4. e3 e6 5. Bd3 Bg6 6. Nf3 Bb4 7. Qe2 Ne4 8. Bxe4 Bxe4 9. 0-0 Bxc3 10. bxc3 0-0 11. Ng5 Bf5 12. g4 f6 13. Nxe6 Bxe6 14. Kh1 Nd7 15. Rg1 Rf7 16. f3 Nf8 17. h4 Ng6 18. h5 Nxf4 19. exf4 Re7 20. Qb5 b6 21. Rge1 Re8 22. f5 Qd7 23. Qb3 Bf7 24. f4 Rxe1+ 25. Rxe1 c5 26. dxc5 bxc5 27. Qa3 d4 28. cxd4 cxd4 29. Qd3 Rd8 30. Rd1 Qd5+ 31. Kh2 Qxa2 32. Kg3 Qd5 33. Kh4 h6 34. g5 fxg5+ 35. fxg5 hxg5+ 36. Kxg5 Qg2+ 37. Kf4 Qf2+ 38. Kg4 Qg2+ 39. Qg3 Bxh5+ 40. Kh4 Qxg3+ 41. Kxg3 Bxd1 0-1

[Event "GER-chT U12"]
[Site "Seifhennersdorf"]
[Date "2001.12.27"]
[Round "2.4"]
[White "Schuenemann, Joris"]
[Black "Heistermann, Till"]
[Result "1-0"]
[WhiteElo "1154"]
[BlackElo "1240"]
[PlyCount "100"]
[EventDate "2001.12.27"]
[EventType "team"]
[EventRounds "7"]
[EventCountry "GER"]
[SourceTitle "EXT 2003"]
[Source "ChessBase"]
[SourceDate "2002.11.25"]
[SourceVersion "1"]
[SourceVersionDate "2002.11.25"]
[SourceQuality "1"]

1. e4 c5 2. Nf3 Nc6 3. d4 cxd4 4. Nxd4 g6 5. Nc3 Bg7 6. Be3 d6 7. Bb5 Bd7 8. 0-0 Nf6 9. Qd2 Ng4 10. Nxc6 bxc6 11. Bc4 Nxe3 12. Qxe3 0-0 13. Rad1 Qb6 14. Qxb6 axb6 15. f4 b5 16. Bb3 c5 17. Bd5 Rab8 18. e5 b4 19. Ne4 Rb6 20. Rfe1 e6 21. Bc4 d5 22. Nxc5 Rd8 23. Nxd7 Rxd7 24. Bb3 Bf8 25. c4 bxc3 26. bxc3 Rc7 27. Rc1 Rbc6 28. Ba4 Rxc3 29. Rxc3 Rxc3 30. Ra1 Bc5+ 31. Kf1 d4 32. Rd1 Kg7 33. Ke2 Re3+ 34. Kd2 Bb4+ 35. Kc1 d3 36. Bb3 d2+ 37. Kc2 Re1 38. Kd3 Rxd1 39. Bxd1 f6 40. a4 fxe5 41. fxe5 g5 42. Ke3 Kg6 43. g4 Kf7 44. Kd4 Ke7 45. Kc4 Ba5 46. Kb5 Bc3 47. a5 Bxa5 48. Kxa5 Kd7 49. Kb5 Kc7 50. Kc5 Kd7 1-0